000 00388 a2200157 4500
001 62181
020 _a8574204846
040 _cAnchieta - Pituba
100 _aGrau, Eros Roberto
240 1 0 _aA ordem econômica na constituição de 1988
_lpor
245 1 0 _aA ordem econômica na constituição de 1988
300 _a327
362 0 _a2003
650 4 _a Direito civil
942 _cBK
999 _c62181
_d62181